• 首页
  • 本馆介绍
  • 公告通知
  • 最新文献
  • 馆藏检索
  • 电子资源
  • 读者导购
  • 参考咨询
  • 我的图书馆
  • 登录
  • 详细信息显示
  • 放入我的书架
  • 预约/预借图书
  • 作者相关作品
  • 分类相关作品
  • 丛书相关作品
  • 出版社相关作品

书目信息

  • 表格格式
  • 工作单格式
  • 卡片格式
题名:
莱布尼茨读本
    
 
作者: 陈乐民
分册:  
出版信息: 南京   江苏教育出版社  2006
页数: 306页
开本: 20cm
丛书名:
单 册:
中图分类: B516.22
科图分类:
主题词: 哲学--欧洲
电子资源:
ISBN: 7-5343-7064-7
000 00501nam0 2200181 450
001 0728815141
005 20070819080015.14
010    @a7-5343-7064-7@d¥27.00
100    @a20070819d km y0chiy0120 ea
101 0  @achi
200 1  @a莱布尼茨读本@Alai bu ni ci du ben@f陈乐民@Fchen yue min
210    @a南京@c江苏教育出版社@d2006
215    @a306页@d20cm
606 0  @a哲学@x欧洲
690    @aB516.22@v3
701  0 @a陈乐民@Achen yue min
801  0 @aCN@bPFT@c20070819
905    @a213230@dB516.22@eZW336@f1
    
    莱布尼茨读本/陈乐民.-南京:江苏教育出版社,2006
    306页;20cm
    
    
    ISBN 7-5343-7064-7:¥27.00
    
●
相关链接 在E读中查询图书 在五车中查询图书 在当当中查询图书 在豆瓣中查询图书


正题名:莱布尼茨读本     索取号:B516.22/ZW336         预约/预借

序号 登录号 条形码 馆藏地/架位号 状态 备注
1 7600490   276004903   密集书库-文学院/ [索取号:B516.22/ZW336] 在馆    
欢迎您!
大连网信软件有限公司© 版权所有